13 Ways Not to Wield a 'Wand' Quiz Stats

 Plays Quiz Updated Feb 11, 2019

Score 0/13 Timer 01:00
13 Plays Today
% Correct
Wind
95.8%
Band
94%
Wend
91.5%
Land
90.8%
Sand
89.9%
Hand
88%
Rand
79.4%
Want
74.8%
Wane
72.4%
Wynd
71.6%
Ward
68.9%
Wans
58%
Wany
50%

You're not logged in!

Compare scores with friends on all Sporcle quizzes.
OR
Log In

Show Comments

Extras

Top Quizzes Today


Score Distribution

Your Account Isn't Verified!

In order to create a playlist on Sporcle, you need to verify the email address you used during registration. Go to your Sporcle Settings to finish the process.

Report this User

Report this user for behavior that violates our Community Guidelines.

Details: